|
|
|
|
| LEADER |
00971cam a2200229 a 4500 |
| 001 |
0000086759 |
| 005 |
20071003090000.0 |
| 040 |
|
|
|a mod
|
| 041 |
|
|
|a eng
|
| 020 |
0 |
0 |
|a 9831003616
|
| 090 |
0 |
0 |
|a 006.3014
|b ROZ
|e 2006
|
| 100 |
0 |
0 |
|a Roziati Zainuddin
|
| 245 |
0 |
0 |
|a Glossary of Artificial Intelligence
|c Roziati Zainuddin, Johriah Norfizlina Ismail, Siti Soraya Abdul Rahman
|
| 260 |
0 |
0 |
|a Kuala Lumpur
|b Jabatan Penerbitan, Universiti Malaya
|c 2006
|
| 300 |
0 |
0 |
|a xiii , 179p.
|b ill.
|c 22 cm
|
| 650 |
0 |
0 |
|a Artificial intelligence
|x Glossaries, vocabularies, etc
|
| 650 |
0 |
0 |
|a Artificial intelligence
|x Terminology
|
| 650 |
0 |
0 |
|a Artificial intelligence
|x Terms and phrases
|
| 700 |
1 |
1 |
|a Siti Soraya Abdul Rahman
|
| 700 |
1 |
1 |
|a Johriah Norfizlina Ismail
|
| 999 |
|
|
|a 0256579
|b KOLEJ PERISIKAN ATM
|d BOOKS
|e Umum
|f Kolej Perisikan ATM dulu PULARIS
|j AVAILABLE
|q GOOD CONDITION
|
| 999 |
|
|
|a B000000205
|b KOLEJ PERISIKAN ATM
|d BOOKS
|e Umum
|f Kolej Perisikan ATM dulu PULARIS
|j FINAL PROCESSING
|q GOOD CONDITION
|